000 00670cab a2200229 4500
001 WB3009-42
008 090401t1994 xxu||||| |||| 00| 0 eng d
035 _a(Sirsi) u30970
041 _aeng
245 _aSheep quotas
260 _c1994
350 _a0
490 _aMAFF News Release
_v(71/94) 1 March 1994, (2)
520 _aAll eligible sheep producers who applied for quotas from the `pool` will have their demands met in full. Over 250,000 extra units are to be added to the national reserve.
650 _aCAP
650 _aEC FUNDING
650 _aMAFF
650 _aSHEEP QUOTAS
690 _aRURAL PRACTICE
942 _n0
948 _c04/03/1997
999 _c20835
_d20835